Quiz Maroc 🇲🇦 - Statistiques

Statistiques générales
  • Ce quiz a Ă©tĂ© pris 2 251 fois
  • Le rĂ©sultat moyen est 10 sur 15
Statistiques - réponses
Question Réponse % Correct
Quel est la capitale du Maroc ? Rabat
98%
Quels sont les pays qui vont organiser la coupe du monde 2030 avec le Maroc ? Espagne et Portugal
92%
Qui est le roi actuel du Maroc ? Mohamed VI
91%
Quelle est la ville la plus peuplée du Maroc ? Casablanca
88%
Jusqu'où sont allés les Lions de l'Atlas durant la coupe du monde 2022 au Qatar ? Demi-finale
86%
Qui a colonisé le Maroc ? France et Espagne
84%
l'équipementier de l'équipe nationale marocaine est : Puma
83%
Avec lequel de ces pays le Maroc n'a pas de frontières ? Mali
75%
Le Maroc est bordé par : l'Océan Atlantique et la Mer Méditérrannée
74%
Quelle est l'année où le Maroc a obtenu son indépendance ? 1956
71%
Lesquelles de ces villes, sont des villes impériales ? Fes, Meknes, Rabat, Marrakech
52%
Qui est le premier roi du Maroc ? (789-791) Idriss Ier
47%
Premier bien patrimonial marocain inscrit à l'UNESCO ? la Médina de Fes
46%
Quelle est la ville la plus au sud du Maroc Lagouira
28%
Complétez cette citation de Hassan II : "Il ne faut pas perdre son temps à avancer des arguments de bonne foi... face à des gens de mauvaise foi."
26%
Aucun quiz correspondant
Distribution des résultats
% des personnes avec chaque résultat
Percentile par nombre de réponses
Votre historique - résultats
Vous n’avez pas pris ce quiz